000 00601nam a2200169 i 4500
001 164976
003 ES-MaACL
005 20230906213037.0
008 050817s1878 fr | |||||||| ||fre d
040 _aCAM
_bspa
_cCAM
100 1 _aSchuhl, Moïse.
_9132572
245 1 0 _aSentences et proverbes du Talmud et du Midrasch
_b: suivies du Traité d'Aboth /
_cpar Moïse Schuhl.
260 _aParis :
_bImprimerie National :
_bJoseph Baer et c\pie\s libraires,
_c1878.
300 _aXII, 546 p. ;
_c27 cm.
650 4 _aRefranes y proverbios judios.
_9165548
852 _aES-MaACL
_jG-6247
_z-- Enc. hol.
999 _c164976
_d164976